000 00325nam a2200145Ia 4500
008 210210b1951 xxu||||| |||| 00| 0 eng d
041 _aeng
082 _a883/74
100 _aTADPATRIKAR
245 _aVishvamohanam
260 _aPoona
_b-
_c1951
650 _aVishvamohanam
690 _aSanskrit Drama
906 _a024404
999 _c149895
_d149895